| 000 | 00430nam a22001457a 4500 | ||
|---|---|---|---|
| 999 |
_c533734 _d533734 |
||
| 020 | _a978-0470756256 | ||
| 040 | _cMSOHAIL | ||
| 082 |
_a530.155353 _bNIT |
||
| 100 |
_aPerumal Nithiarasu ; Roland W. Lewis ; Kankanhalli N. Seetharamu _927697 |
||
| 245 | _aFundamentals of the Finite Element Method for Heat and Mass Transfer | ||
| 250 | _a2nd edition | ||
| 260 |
_bJohn Wiley; _cc2016 |
||
| 300 | _a450;pxv | ||
| 942 |
_2ddc _cBK |
||